[Event "GRE CupT final 41st"]
[Site "Peristeri"]
[Date "2023.08.24"]
[Round "5.2"]
[White "Koudounis, Vasileios"]
[Black "Kapnisis, Spyridon"]
[Result "0-1"]
[WhiteElo "2118"]
[BlackElo "2450"]
[PlyCount "62"]
[EventDate "2023.08.23"]
[EventType "team"]
[EventRounds "5"]
[EventCountry "GRE"]
[SourceTitle "CBM 215 Extra"]
[Source "ChessBase"]
[SourceDate "2023.09.30"]
[SourceVersion "1"]
[SourceVersionDate "2023.09.30"]
[SourceQuality "1"]
[WhiteTeam "Sath Likos Pirgos"]
[BlackTeam "Phisiolatris"]
[WhiteTeamCountry "GRE"]
[BlackTeamCountry "GRE"]

1. d4 Nf6 2. c4 g6 3. Nc3 Bg7 4. e4 d6 5. h3 0-0 6. Be3 a5 7. Nf3 Nc6 8. Be2 e5 9. d5 Nb4 10. Nd2 c6 11. a3 Na6 12. dxc6 bxc6 13. b4 axb4 14. axb4 Nc7 15. Rxa8 Nxa8 16. 0-0 Nc7 17. Qa4 d5 18. cxd5 cxd5 19. exd5 Nfxd5 20. Nxd5 Nxd5 21. Nc4 Qh4 22. Bc5 Nf4 23. Bf3 e4 24. Bxe4 Ne2+ 25. Kh2 Be5+ 26. Nxe5 Qf4+ 27. g3 Qxe4 28. Bxf8 Bb7 29. f3 Qxe5 30. f4 Qe3 31. Rg1 Qxg1# 0-1

[Event "GRE CupT final 41st"]
[Site "Peristeri"]
[Date "2023.08.23"]
[Round "1.3"]
[White "Koudounis, Vasileios"]
[Black "Gimnopoulos, Lazaros"]
[Result "1-0"]
[WhiteElo "2118"]
[BlackElo "1935"]
[PlyCount "109"]
[EventDate "2023.08.23"]
[EventType "team"]
[EventRounds "5"]
[EventCountry "GRE"]
[SourceTitle "CBM 215 Extra"]
[Source "ChessBase"]
[SourceDate "2023.09.30"]
[SourceVersion "1"]
[SourceVersionDate "2023.09.30"]
[SourceQuality "1"]
[WhiteTeam "Sath Likos Pirgos"]
[BlackTeam "Phlorinas"]
[WhiteTeamCountry "GRE"]
[BlackTeamCountry "GRE"]

1. d4 e6 2. c4 c5 3. d5 a6 4. e4 d6 5. Nc3 g6 6. Nf3 Bg7 7. Bg5 f6 8. Be3 Nh6 9. h3 Nf7 10. Qd2 exd5 11. Nxd5 Nc6 12. Be2 0-0 13. 0-0 Re8 14. Nc3 Be6 15. Rfd1 Qe7 16. Rac1 Rad8 17. Nh2 f5 18. exf5 gxf5 19. Nf3 h6 20. b3 Kh7 21. Bf4 Nd4 22. Nxd4 cxd4 23. Na4 Ng5 24. Bd3 Qf6 25. Re1 Kh8 26. Kh1 Bf7 27. Qc2 Bg6 28. Nb6 Ne4 29. f3 Qh4 30. fxe4 Qxf4 31. Rf1 Qh4 32. exf5 Be5 33. Qf2 Bg3 34. Qg1 Re3 35. fxg6 Rxd3 36. Rcd1 Re3 37. Nd5 Rde8 38. Nf6 R8e6 39. Ng4 Rxg6 40. Rxd4 Rge6 41. Nxe3 Qxd4 42. Nf5 Qe5 43. Nxg3 Qxg3 44. Qd4+ Kg8 45. Qd5 Qe5 46. Qxb7 Rf6 47. Qc8+ Kh7 48. Qd7+ Kg6 49. Qg4+ Kf7 50. Rxf6+ Kxf6 51. Qh4+ Kg7 52. Qf2 a5 53. g3 Qe4+ 54. Kh2 d5 55. Qg2 1-0

[Event "Thessaloniki-Chalkidiki CupT final"]
[Site "Thessaloniki"]
[Date "2023.05.28"]
[Round "2"]
[White "Koudounis, Vasileios"]
[Black "Kafantaris, Pavlos"]
[Result "1-0"]
[WhiteElo "2162"]
[BlackElo "1539"]
[PlyCount "129"]
[EventDate "2023.05.27"]
[EventType "team-k.o."]
[EventRounds "2"]
[EventCountry "GRE"]
[SourceTitle "EXT 2024"]
[Source "ChessBase"]
[SourceDate "2023.10.10"]
[SourceVersion "1"]
[SourceVersionDate "2023.10.10"]
[SourceQuality "1"]
[WhiteTeam "Thessaloniki White Tower"]
[BlackTeam "Triandrias OS"]
[WhiteTeamCountry "GRE"]
[BlackTeamCountry "GRE"]

1. d4 d5 2. c4 e6 3. Nc3 Nf6 4. cxd5 exd5 5. Bg5 Be7 6. e3 Nbd7 7. Bd3 c6 8. Nf3 0-0 9. Qc2 Re8 10. 0-0 Nf8 11. h3 Be6 12. Ne5 N6d7 13. Bxe7 Qxe7 14. f4 f6 15. Nf3 Bf7 16. Rae1 c5 17. Qf2 Qd6 18. g4 cxd4 19. Nxd4 Nc5 20. Bb1 Ne4 21. Nxe4 dxe4 22. Rc1 a6 23. Rc3 Bd5 24. Rfc1 Ne6 25. Nf5 Qb4 26. a3 Qb6 27. Ng3 Nf8 28. Rc5 Qe6 29. Rd1 Bc6 30. Nf5 Rad8 31. Nd4 Qe7 32. Rdc1 Bd5 33. Rxd5 Rxd5 34. Ba2 Red8 35. Qc2 Kh8 36. Bxd5 Rxd5 37. Qc8 Rd8 38. Rc7 Rxc8 39. Rxe7 b5 40. Ra7 Rc1+ 41. Kf2 Kg8 42. Rxa6 Rb1 43. b4 Rb2+ 44. Kg3 Rb1 45. f5 Re1 46. Kf4 Rh1 47. Ra8 Kf7 48. Ra7+ Kg8 49. Kxe4 Rxh3 50. Ne6 Nxe6 51. fxe6 Kf8 52. Rf7+ Kg8 53. Rb7 Kf8 54. Rxb5 Rg3 55. Kf4 Rg1 56. a4 g6 57. Rb7 h5 58. gxh5 gxh5 59. Kf5 Rf1+ 60. Kg6 h4 61. Rh7 Rg1+ 62. Kxf6 Rf1+ 63. Ke5 Rh1 64. e7+ Ke8 65. Ke6 1-0

[Event "GRE-chT 49th"]
[Site "Thessaloniki"]
[Date "2022.08.13"]
[Round "2"]
[White "Koudounis, Vasileios"]
[Black "Kalogridis, Antonios"]
[Result "1-0"]
[WhiteElo "2030"]
[BlackElo "2280"]
[PlyCount "83"]
[EventDate "2022.08.12"]
[EventType "team-swiss"]
[EventRounds "7"]
[EventCountry "GRE"]
[SourceTitle "EXT 2024"]
[Source "ChessBase"]
[SourceDate "2023.10.10"]
[SourceVersion "1"]
[SourceVersionDate "2023.10.10"]
[SourceQuality "1"]
[WhiteTeam "Eso Papafe Chronikon"]
[BlackTeam "Thessaloniki Aris"]
[WhiteTeamCountry "GRE"]
[BlackTeamCountry "GRE"]

1. d4 Nf6 2. c4 g6 3. Nc3 d5 4. cxd5 Nxd5 5. Bd2 Bg7 6. e4 Nxc3 7. Bxc3 0-0 8. Qd2 Nc6 9. Nf3 Bg4 10. d5 Bxf3 11. Bxg7 Kxg7 12. gxf3 Ne5 13. Qc3 f6 14. f4 Nf7 15. 0-0-0 Qd6 16. Qg3 c6 17. Kb1 cxd5 18. exd5 Rac8 19. Bh3 Rc4 20. Rhe1 Re8 21. f5 g5 22. Bf1 Rf4 23. Re6 Qc5 24. Qe3 b6 25. Qxc5 bxc5 26. d6 Rd8 27. Rxe7 Kg8 28. d7 Kf8 29. Re6 Rxf5 30. Bb5 Kg7 31. Rd2 Re5 32. Ra6 Kf8 33. Rxf6 Ke7 34. Ra6 Rb8 35. a4 Rb7 36. Bc4 Nd8 37. Rh6 Re1+ 38. Ka2 Rb8 39. Rxh7+ Kf8 40. Rh8+ Kg7 41. Re8 Rc1 42. b3 1-0

[Event "Paracin op-A 15th"]
[Site "Paracin"]
[Date "2022.07.08"]
[Round "1"]
[White "Han, Yichen"]
[Black "Koudounis, Vasileios"]
[Result "1-0"]
[WhiteElo "2286"]
[BlackElo "2018"]
[PlyCount "71"]
[EventDate "2022.07.08"]
[EventType "swiss"]
[EventRounds "9"]
[EventCountry "SRB"]
[SourceTitle "EXT 2023"]
[Source "ChessBase"]
[SourceDate "2022.10.05"]
[SourceVersion "1"]
[SourceVersionDate "2022.10.05"]
[SourceQuality "1"]

1. e4 c5 2. Nf3 e6 3. d4 cxd4 4. Nxd4 Nc6 5. Nc3 Qc7 6. Be3 a6 7. Qf3 Nf6 8. 0-0-0 h5 9. Nxc6 dxc6 10. h3 b5 11. e5 Nd5 12. Bf4 Qa5 13. Bd3 b4 14. Nxd5 cxd5 15. Kb1 Bd7 16. Bg5 Bb5 17. Qg3 Rc8 18. f4 Bc4 19. Bxc4 Rxc4 20. f5 Qb6 21. Rhf1 Re4 22. Qf3 Rxe5 23. Qg3 f6 24. Bc1 Kf7 25. Qg6+ Kg8 26. g4 hxg4 27. hxg4 Re2 28. g5 exf5 29. Rxf5 Rg2 30. Rfxd5 Rhh2 31. Rd7 Qc5 32. Qf7+ Kh7 33. Rc7 Qe5 34. Rc8 Bd6 35. g6+ Rxg6 36. Qg8# 1-0

[Event "GRE-chT2 48th"]
[Site "Thessaloniki"]
[Date "2021.10.10"]
[Round "7.7"]
[White "Koudounis, Vasileios"]
[Black "Kesidis, Odyseas"]
[Result "0-1"]
[WhiteElo "2010"]
[BlackElo "2249"]
[PlyCount "46"]
[EventDate "2021.10.05"]
[EventType "team-swiss"]
[EventRounds "7"]
[EventCountry "GRE"]
[SourceTitle "CBM 204 Extra"]
[Source "ChessBase"]
[SourceDate "2021.11.30"]
[SourceVersion "1"]
[SourceVersionDate "2021.11.30"]
[SourceQuality "1"]
[WhiteTeam "Serron PSSK"]
[BlackTeam "Florinas"]
[WhiteTeamCountry "GRE"]
[BlackTeamCountry "GRE"]

1. d4 Nf6 2. c4 b6 3. Nc3 Bb7 4. Qc2 d5 5. cxd5 Nxd5 6. e4 Nxc3 7. bxc3 e5 8. d5 c6 9. c4 Bb4+ 10. Bd2 Bxd2+ 11. Qxd2 0-0 12. Bd3 Nd7 13. Ne2 f5 14. exf5 cxd5 15. cxd5 Bxd5 16. 0-0 Nc5 17. Ng3 Qh4 18. Rfd1 Rad8 19. Qc2 Kh8 20. Rd2 Bc6 21. Be2 Rd4 22. Rad1 Ba4 23. Rxd4 exd4 0-1

[Event "GRE-chT2 48th"]
[Site "Thessaloniki"]
[Date "2021.10.09"]
[Round "6.5"]
[White "Koudounis, Vasileios"]
[Black "Jarmula, Lukasz"]
[Result "0-1"]
[WhiteElo "2010"]
[BlackElo "2454"]
[PlyCount "126"]
[EventDate "2021.10.05"]
[EventType "team-swiss"]
[EventRounds "7"]
[EventCountry "GRE"]
[SourceTitle "CBM 204 Extra"]
[Source "ChessBase"]
[SourceDate "2021.11.30"]
[SourceVersion "1"]
[SourceVersionDate "2021.11.30"]
[SourceQuality "1"]
[WhiteTeam "Serron PSSK"]
[BlackTeam "Triandrias OS"]
[WhiteTeamCountry "GRE"]
[BlackTeamCountry "GRE"]

1. d4 Nf6 2. c4 g6 3. Nc3 d5 4. cxd5 Nxd5 5. Bd2 Bg7 6. e4 Nxc3 7. Bxc3 0-0 8. Nf3 Bg4 9. Be2 c5 10. d5 e6 11. 0-0 exd5 12. exd5 Qd6 13. Qb3 Bxc3 14. bxc3 Nd7 15. Rfe1 Bxf3 16. Bxf3 Rab8 17. c4 Ne5 18. Be2 Rfe8 19. f4 Nd7 20. g3 Re4 21. Bd3 Rd4 22. Re3 Nf6 23. a4 b6 24. Rae1 a6 25. Re5 b5 26. axb5 axb5 27. cxb5 c4 28. Bxc4 Qc5 29. d6 Qxc4 30. Qxc4 Rxc4 31. g4 Rd4 32. g5 Nd7 33. Re8+ Rxe8 34. Rxe8+ Kg7 35. Rd8 Nb6 36. Kf2 f5 37. gxf6+ Kxf6 38. Ke3 Rd5 39. Ke4 Rxb5 40. d7 Ke7 41. Rh8 Nxd7 42. Rxh7+ Ke6 43. Rg7 Nf6+ 44. Kf3 Rb3+ 45. Kg2 Kf5 46. Rf7 Re3 47. Rf8 Re7 48. Kg3 Rh7 49. Ra8 Ne4+ 50. Kf3 Rh3+ 51. Kg2 Rh4 52. Rf8+ Nf6 53. Kg3 Rg4+ 54. Kh3 Rxf4 55. Ra8 Re4 56. Ra5+ Re5 57. Ra6 Nd5 58. Kg3 Re3+ 59. Kf2 Rh3 60. Kg1 Nf4 61. Ra2 Kg4 62. Rf2 g5 63. Ra2 Rc3 0-1

[Event "Thessaloniki Vardaris op 6th"]
[Site "Thessaloniki"]
[Date "2020.02.29"]
[Round "4"]
[White "Hadzimanolis, Antonios"]
[Black "Koudounis, Vasileios"]
[Result "1/2-1/2"]
[WhiteElo "2221"]
[BlackElo "1896"]
[PlyCount "88"]
[EventDate "2020.02.27"]
[EventType "swiss"]
[EventRounds "7"]
[EventCountry "GRE"]
[SourceTitle "CBM 195 Extra"]
[Source "ChessBase"]
[SourceDate "2020.05.31"]
[SourceVersion "1"]
[SourceVersionDate "2020.05.31"]
[SourceQuality "1"]

1. c4 e6 2. g3 d5 3. Bg2 Nf6 4. Nf3 dxc4 5. Qa4+ Bd7 6. Qxc4 c5 7. Ne5 Qc8 8. Nc3 Nc6 9. Nxd7 Qxd7 10. Qa4 Rc8 11. d3 Be7 12. 0-0 0-0 13. Be3 Rfd8 14. Rac1 b6 15. Rfd1 Nd5 16. Nxd5 exd5 17. a3 Qb7 18. Qf4 a5 19. h4 Bf6 20. Rc2 Qe7 21. h5 h6 22. Qg4 Ne5 23. Qf5 Qe6 24. Bh3 Qxf5 25. Bxf5 Rc6 26. f4 Nd7 27. b4 axb4 28. axb4 b5 29. bxc5 d4 30. Bxd7 Rxd7 31. Bd2 Rd5 32. Bb4 Rxh5 33. Ra1 g5 34. Ra8+ Kg7 35. Rb8 gxf4 36. gxf4 Be7 37. Rxb5 Rf5 38. Bd2 Rfxc5 39. Rcxc5 Rxc5 40. Rxc5 Bxc5 41. Kg2 Kf6 42. Kf3 Kf5 43. Be1 Ba3 44. Bf2 Bc5 1/2-1/2

[Event "Thessaloniki Vardaris op 6th"]
[Site "Thessaloniki"]
[Date "2020.02.28"]
[Round "2"]
[White "Koudounis, Vasileios"]
[Black "Samaridis, Konstantinos"]
[Result "1/2-1/2"]
[WhiteElo "1896"]
[BlackElo "2104"]
[PlyCount "77"]
[EventDate "2020.02.27"]
[EventType "swiss"]
[EventRounds "7"]
[EventCountry "GRE"]
[SourceTitle "CBM 195 Extra"]
[Source "ChessBase"]
[SourceDate "2020.05.31"]
[SourceVersion "1"]
[SourceVersionDate "2020.05.31"]
[SourceQuality "1"]

1. d4 Nf6 2. c4 e6 3. Nc3 Bb4 4. e3 0-0 5. Nge2 c6 6. a3 Ba5 7. b4 Bc7 8. e4 d5 9. e5 Nfd7 10. Nf4 a5 11. Rb1 axb4 12. axb4 c5 13. bxc5 Ba5 14. Bd2 Nc6 15. Nb5 dxc4 16. Bxc4 Nxd4 17. Nd3 Nxb5 18. Bxb5 Qc7 19. Bxd7 Qxd7 20. Bxa5 Rxa5 21. 0-0 Rd8 22. Qb3 Qa4 23. Qxa4 Rxa4 24. Rfd1 Rad4 25. Nb2 f6 26. f4 Kf7 27. Rxd4 Rxd4 28. Rd1 fxe5 29. Rxd4 exd4 30. Nc4 Bd7 31. Ne5+ Ke7 32. g4 Bc6 33. g5 Be4 34. Kf2 Kd8 35. Nf3 d3 36. Ne5 Kc7 37. Ke3 Bf5 38. h4 g6 39. Kd2 1/2-1/2

[Event "GRE-ch U16"]
[Site "Patras"]
[Date "2019.07.01"]
[Round "9.8"]
[White "Nteligiorgis, Eleftherios"]
[Black "Koudounis, Vasileios"]
[Result "1-0"]
[WhiteElo "1903"]
[BlackElo "1668"]
[PlyCount "41"]
[EventDate "2019.06.25"]
[EventType "swiss"]
[EventRounds "9"]
[EventCountry "GRE"]
[SourceTitle "EXT 2020"]
[Source "ChessBase"]
[SourceDate "2019.10.17"]
[SourceVersion "1"]
[SourceVersionDate "2019.10.17"]
[SourceQuality "1"]
[WhiteTeam "Greece"]
[BlackTeam "Greece"]
[WhiteTeamCountry "GRE"]
[BlackTeamCountry "GRE"]

1. e4 c5 2. Nf3 e6 3. d4 cxd4 4. Nxd4 Nc6 5. Nc3 Qc7 6. Nb3 a6 7. Bd3 Nf6 8. f4 d6 9. Be3 b5 10. Qf3 Bb7 11. 0-0 Rc8 12. Qh3 d5 13. e5 Nd7 14. Rae1 Bb4 15. f5 Bxc3 16. bxc3 Ndxe5 17. fxe6 f6 18. Bc5 Ne7 19. Qh5+ g6 20. Qh4 Nxd3 21. Qxf6 1-0

[Event "GRE-ch U16"]
[Site "Patras"]
[Date "2019.06.29"]
[Round "7.11"]
[White "Koudounis, Vasileios"]
[Black "Zgouletas, Ioannis"]
[Result "1-0"]
[WhiteElo "1668"]
[BlackElo "1643"]
[PlyCount "47"]
[EventDate "2019.06.25"]
[EventType "swiss"]
[EventRounds "9"]
[EventCountry "GRE"]
[SourceTitle "EXT 2020"]
[Source "ChessBase"]
[SourceDate "2019.10.17"]
[SourceVersion "1"]
[SourceVersionDate "2019.10.17"]
[SourceQuality "1"]
[WhiteTeam "Greece"]
[BlackTeam "Greece"]
[WhiteTeamCountry "GRE"]
[BlackTeamCountry "GRE"]

1. d4 Nf6 2. c4 e6 3. Nc3 Bb4 4. e3 d5 5. a3 Bxc3+ 6. bxc3 0-0 7. cxd5 exd5 8. Bd3 c5 9. Ne2 Re8 10. 0-0 b6 11. Ng3 Ba6 12. f3 Bxd3 13. Qxd3 Nc6 14. Bb2 c4 15. Qe2 Na5 16. e4 dxe4 17. fxe4 Qc7 18. Rae1 Nb3 19. Rxf6 gxf6 20. Qg4+ Kh8 21. Nf5 Rg8 22. Qh4 Rg6 23. Re3 Rag8 24. Qxh7+ 1-0

[Event "Agios Ioannis Pelion op 1st"]
[Site "Agios Ioannis"]
[Date "2018.06.18"]
[Round "4"]
[White "Koudounis, Vasileios"]
[Black "Papapostolou, Apostolos"]
[Result "0-1"]
[WhiteElo "1456"]
[BlackElo "1920"]
[PlyCount "78"]
[EventDate "2018.06.16"]
[EventType "swiss"]
[EventRounds "9"]
[EventCountry "GRE"]
[SourceTitle "CBM 185 Extra"]
[Source "ChessBase"]
[SourceDate "2018.07.29"]
[SourceVersion "1"]
[SourceVersionDate "2018.07.29"]
[SourceQuality "1"]

1. d4 Nf6 2. c4 g6 3. Nc3 Bg7 4. e4 d6 5. Nf3 0-0 6. Be2 e5 7. 0-0 Nc6 8. d5 Ne7 9. Ne1 Nd7 10. Be3 f5 11. f3 f4 12. Bf2 g5 13. Nd3 Nf6 14. c5 Ng6 15. cxd6 cxd6 16. Rc1 Rf7 17. Nb5 a6 18. Na3 b5 19. Nb4 h5 20. Qc2 g4 21. Qc6 Rb8 22. Nxa6 Ne7 23. Nxb8 Nxc6 24. Nxc6 Qf8 25. Nxb5 g3 26. hxg3 fxg3 27. Bxg3 Bh6 28. Rc3 Rg7 29. Nxd6 Qxd6 30. Bxe5 Qf8 31. Bxf6 Qxf6 32. e5 Qg6 33. Ne7+ Rxe7 34. Rxc8+ Kg7 35. d6 Be3+ 36. Kh1 Qg3 37. Rc4 Rxe5 38. Rd1 Rg5 39. Bf1 Qf2 0-1

[Event "Agios Ioannis Pelion op 1st"]
[Site "Agios Ioannis"]
[Date "2018.06.16"]
[Round "1"]
[White "Koudounis, Vasileios"]
[Black "Todorovic, Goran N"]
[Result "0-1"]
[WhiteElo "1456"]
[BlackElo "2335"]
[PlyCount "80"]
[EventDate "2018.06.16"]
[EventType "swiss"]
[EventRounds "9"]
[EventCountry "GRE"]
[SourceTitle "CBM 185 Extra"]
[Source "ChessBase"]
[SourceDate "2018.07.29"]
[SourceVersion "1"]
[SourceVersionDate "2018.07.29"]
[SourceQuality "1"]

1. d4 Nf6 2. c4 c5 3. d5 b5 4. cxb5 a6 5. bxa6 Bxa6 6. Nc3 d6 7. e4 Bxf1 8. Kxf1 g6 9. Nf3 Bg7 10. g3 0-0 11. Kg2 Qb6 12. Qc2 Nbd7 13. Re1 Ng4 14. h3 Nge5 15. Nxe5 Nxe5 16. f4 Nc4 17. b3 Qb4 18. e5 Na5 19. Bd2 c4 20. Re4 cxb3 21. axb3 Qxb3 22. Qxb3 Nxb3 23. Rxa8 Rxa8 24. Be3 Rb8 25. Kf3 f5 26. exf6 Bxf6 27. Na4 Rb5 28. Nb6 Kf7 29. Ke2 Nc5 30. Bxc5 Rxc5 31. Rb4 Rc3 32. Kf2 Rd3 33. Nc8 Rxd5 34. Rb7 Ke6 35. g4 Rc5 36. Na7 Bh4+ 37. Kg2 Rc2+ 38. Kf3 Rc3+ 39. Ke4 d5+ 40. Kd4 Bf6# 0-1